000 00508nam a2200205Ia 4500
003 GCL
008 140319s9999 xx 000 0 eng d
040 _aGCL /
_cGCL
082 0 4 _a843
_bV S
100 1 _aVERNE, JULES
245 1 0 _aLE - SPHINX DES GLACES /
_cVERNE, JULES
260 _a[S.N] :
_bBIBLIOTHEQUE ،
_c1993
300 _a502
490 _aLE LIVRE DE POCHE
_v0
650 0 4 _aLITERATURE
650 0 4 _aFICTION
650 0 4 _aFRENCH FICTION
650 0 4 _aFRENCH LITERATURE
942 _2ddc
_cBK
999 _c10719
_d10719